000 01234nam a22003857a 4500
001 0036948
003 KOHA_MİRAKIL
005 20260207003023.0
007 ta
008 120430b2011 tu |||gr||||#||||1|tur |
020 _a9786054117543
_c12,88
040 _aTR-BiSEU
_btur
_cTR-BiSEU
_erda
041 0 _atur
044 _ctu
050 _aPL196
_b.A74 2011
100 1 _aArgunşah, Mustafa..
245 1 _aKarahanlıca Harezmce Kıpçakça dersleri/
_cMustafa. Argunşah ; Mustafa Argunşah, Gülden Sağol Yüksekkaya, Özcan Tabaklar.
250 _a2. baskı.
264 1 _aİstanbul :
_bKesit yayıları
_c2011
300 _a354 s.; 24 cm.
336 _ametin
_btxt
_2rdacontent
337 _aaracısız
_bn
_2rdamedia
338 _acilt
_bnc
_2rdacarrier
490 1 _aKesit ;
_vyayın no.
490 1 _a27.
490 1 _aTarihi Türk lehçeleri ;
_v2.
500 _aKarahanlıca, Harezmce, Kıpçakça dersleri
650 0 _aTurkic languages.
_920846
650 0 _aTurkish language--Dialects.
_926170
650 0 _aTurkish language--Grammar, Comparative.
_926704
830 1 _aKesit ;
_vyayın no.
_969810
830 1 _a27.
_97273
830 1 _aTarihi Türk lehçeleri ;
_v2.
_969811
942 _2lcc
_cBK
999 _c36826
_d36826